[Event "18. Obert Int. Sant Marti 2016"]
[Site "Barcelona ESP"]
[Date "2016.07.18"]
[Round "6.18"]
[White "Yashas, D.."]
[Black "Liu, Chang"]
[Result "1/2-1/2"]
[WhiteElo "2201"]
[BlackElo "2361"]
[PlyCount "52"]
[EventDate "2016.07.13"]
[EventType "swiss"]
[EventRounds "9"]
[EventCountry "ESP"]
[SourceTitle "Ajedrez en Madrid"]
[Source "lmi"]
[SourceDate "2016.07.13"]
[SourceVersion "1"]
[SourceVersionDate "2019.06.21"]
[SourceQuality "1"]

1. Nf3 Nf6 2. g3 g6 3. Bg2 Bg7 4. O-O O-O 5. d3 d5 6. Nbd2 c5 7. e4 d4 8. h3
Nc6 9. Nh2 e5 10. a3 Be6 11. Nhf3 Ne8 12. Nb3 Qb6 13. Nbd2 f6 14. b3 Nd6 15.
Nc4 Qc7 16. Nxd6 Qxd6 17. a4 Rae8 18. Nd2 Qd7 19. Kh2 f5 20. f4 exf4 21. gxf4
fxe4 22. Nxe4 b6 23. Bd2 Ne7 24. a5 Nd5 25. axb6 axb6 26. Qe1 Bf5 1/2-1/2

[Event "18. Obert Int. Sant Marti 2016"]
[Site "Barcelona ESP"]
[Date "2016.07.18"]
[Round "6.19"]
[White "Sadhwani, Raunak"]
[Black "Lillo Castany, Victor"]
[Result "1/2-1/2"]
[WhiteElo "2122"]
[BlackElo "2312"]
[PlyCount "51"]
[EventDate "2016.07.13"]
[EventType "swiss"]
[EventRounds "9"]
[EventCountry "ESP"]
[SourceTitle "Ajedrez en Madrid"]
[Source "lmi"]
[SourceDate "2016.07.13"]
[SourceVersion "1"]
[SourceVersionDate "2019.06.21"]
[SourceQuality "1"]

1. e4 e5 2. Nf3 Nc6 3. Bb5 Nf6 4. d3 Bc5 5. Bxc6 dxc6 6. O-O Qe7 7. h3 O-O 8.
Nbd2 Nd7 9. Nc4 Re8 10. Be3 f6 11. Qe2 Nf8 12. c3 Bd6 13. Nxd6 cxd6 14. Nd2 d5
15. Nb3 b6 16. Qc2 Be6 17. Rfd1 c5 18. c4 dxc4 19. dxc4 Qf7 20. Nd2 Rad8 21. b3
Bc8 22. Nf1 Rxd1 23. Rxd1 Ne6 24. f3 Nd4 25. Qf2 Bb7 26. Ng3 1/2-1/2

[Event "18. Obert Int. Sant Marti 2016"]
[Site "Barcelona ESP"]
[Date "2016.07.18"]
[Round "6.20"]
[White "Teichmann, Erik O M C"]
[Black "Sanchez Jerez, Emilio Miguel"]
[Result "0-1"]
[WhiteElo "2312"]
[BlackElo "2201"]
[PlyCount "80"]
[EventDate "2016.07.13"]
[EventType "swiss"]
[EventRounds "9"]
[EventCountry "ESP"]
[SourceTitle "Ajedrez en Madrid"]
[Source "lmi"]
[SourceDate "2016.07.13"]
[SourceVersion "1"]
[SourceVersionDate "2019.06.21"]
[SourceQuality "1"]

1. b4 Nf6 2. Bb2 g6 3. c4 Bg7 4. Nf3 O-O 5. e3 d6 6. Be2 e5 7. d4 e4 8. Nfd2 h5
9. Nc3 Re8 10. h3 h4 11. Qc2 Bf5 12. g4 hxg3 13. fxg3 Nh5 14. Bxh5 gxh5 15. Nd5
Nd7 16. Nf4 Qg5 17. O-O-O a5 18. b5 c5 19. Nxh5 Qxh5 20. g4 Qg5 21. gxf5 Qxe3
22. Rhe1 Qh6 23. Kb1 e3 24. Nf3 Qf4 25. Qg2 Qxf5+ 26. Ka1 Re6 27. Qe2 Rae8 28.
Rf1 Qh5 29. Rg1 Rg6 30. Rxg6 fxg6 31. Rd3 Bh6 32. dxc5 Rf8 33. Qg2 Rxf3 34.
Rxd6 Nf8 35. a3 Qf5 36. c6 a4 37. Ka2 bxc6 38. bxc6 Rf2 39. Qd5+ Qxd5 40. Rxd5
Bg7 0-1

[Event "18. Obert Int. Sant Marti 2016"]
[Site "Barcelona ESP"]
[Date "2016.07.18"]
[Round "6.21"]
[White "Gonzalez Rodriguez, Jorge A."]
[Black "Yogit, S."]
[Result "0-1"]
[WhiteElo "2310"]
[BlackElo "2197"]
[PlyCount "81"]
[EventDate "2016.07.13"]
[EventType "swiss"]
[EventRounds "9"]
[EventCountry "ESP"]
[SourceTitle "Ajedrez en Madrid"]
[Source "lmi"]
[SourceDate "2016.07.13"]
[SourceVersion "1"]
[SourceVersionDate "2019.06.21"]
[SourceQuality "1"]

1. b3 e5 2. Bb2 Nc6 3. e3 d6 4. c4 g6 5. Nc3 Bg7 6. g3 Nf6 7. Bg2 O-O 8. d3 Be6
9. Nd5 Qd7 10. h3 Bxd5 11. cxd5 Nb4 12. e4 Qb5 13. Bf1 c6 14. dxc6 Rac8 15. a3
Nxc6 16. Ne2 d5 17. Nc3 Qb6 18. exd5 Nd4 19. Bg2 Nxb3 20. Rb1 Nc5 21. O-O Qa6
22. Ba1 Qxa3 23. Nb5 Qxd3 24. Qxd3 Nxd3 25. Nxa7 Rcd8 26. Rxb7 e4 27. Nc6 Rd6
28. Ne7+ Kh8 29. Rd1 Re8 30. f3 Nd7 31. Bxg7+ Kxg7 32. Nc6 e3 33. Rxd3 Nc5 34.
Rd1 Nxb7 35. f4 Nc5 36. Nd4 Rb6 37. Ne2 Rb2 38. Bf3 Rd2 39. Ra1 Nb3 40. Re1 Rc8
41. g4 0-1

[Event "18. Obert Int. Sant Marti 2016"]
[Site "Barcelona ESP"]
[Date "2016.07.18"]
[Round "6.22"]
[White "Uribe Arteaga, Daniel"]
[Black "Garcia Ramos, Daniel"]
[Result "1-0"]
[WhiteElo "2304"]
[BlackElo "2195"]
[PlyCount "83"]
[EventDate "2016.07.13"]
[EventType "swiss"]
[EventRounds "9"]
[EventCountry "ESP"]
[SourceTitle "Ajedrez en Madrid"]
[Source "lmi"]
[SourceDate "2016.07.13"]
[SourceVersion "1"]
[SourceVersionDate "2019.06.21"]
[SourceQuality "1"]

1. d4 Nf6 2. Nf3 b6 3. Bf4 Bb7 4. e3 e6 5. h3 Be7 6. c3 O-O 7. Bd3 c5 8. Nbd2
Nc6 9. O-O d6 10. Qe2 Qc7 11. dxc5 bxc5 12. e4 e5 13. Bg5 Nd8 14. Nh2 Ne6 15.
Bxf6 Nf4 16. Qf3 Bxf6 17. Bc4 Bg5 18. h4 Bxh4 19. g3 Nh3+ 20. Kg2 Bg5 21. Nb3
Bc8 22. Ng4 Be7 23. Bd5 Ng5 24. Qe2 Rb8 25. f4 exf4 26. gxf4 Qd7 27. f5 Bb7 28.
Rad1 Bxd5 29. Rxd5 Qa4 30. f6 Bxf6 31. Rxf6 gxf6 32. Nxf6+ Kg7 33. Nh5+ Kh6 34.
Rxd6+ Ne6 35. Ng3 Rg8 36. Qh5+ Kg7 37. Qe5+ Kh6 38. Rd1 Rxg3+ 39. Kxg3 Rg8+ 40.
Kf2 Ng5 41. Rh1+ Kg6 42. Qf5+ 1-0

[Event "18. Obert Int. Sant Marti 2016"]
[Site "Barcelona ESP"]
[Date "2016.07.18"]
[Round "6.23"]
[White "Vehi Bach, Victor Manuel"]
[Black "Capellades Subirana, Marc"]
[Result "1/2-1/2"]
[WhiteElo "2298"]
[BlackElo "2153"]
[PlyCount "22"]
[EventDate "2016.07.13"]
[EventType "swiss"]
[EventRounds "9"]
[EventCountry "ESP"]
[SourceTitle "Ajedrez en Madrid"]
[Source "lmi"]
[SourceDate "2016.07.13"]
[SourceVersion "1"]
[SourceVersionDate "2019.06.21"]
[SourceQuality "1"]

1. e4 e5 2. Nf3 Nc6 3. Nc3 Nf6 4. Bb5 Bb4 5. O-O O-O 6. d3 Bxc3 7. bxc3 d6 8.
Re1 a6 9. Bxc6 bxc6 10. d4 Qe7 11. Ba3 Nd7 1/2-1/2

[Event "18. Obert Int. Sant Marti 2016"]
[Site "Barcelona ESP"]
[Date "2016.07.18"]
[Round "6.24"]
[White "Hernandez Moya, Yuleisy"]
[Black "Niraj, Saripalli"]
[Result "1/2-1/2"]
[WhiteElo "2260"]
[BlackElo "2140"]
[PlyCount "137"]
[EventDate "2016.07.13"]
[EventType "swiss"]
[EventRounds "9"]
[EventCountry "ESP"]
[SourceTitle "Ajedrez en Madrid"]
[Source "lmi"]
[SourceDate "2016.07.13"]
[SourceVersion "1"]
[SourceVersionDate "2019.06.21"]
[SourceQuality "1"]

1. e4 e5 2. Nf3 Nc6 3. Bb5 a6 4. Ba4 Nf6 5. d3 d6 6. c4 h6 7. Nc3 g6 8. d4 exd4
9. Nxd4 Bd7 10. Nxc6 Bxc6 11. Bxc6+ bxc6 12. Be3 Bg7 13. O-O O-O 14. f3 Nd7 15.
Qd2 Kh7 16. Rad1 Ne5 17. Qe2 f5 18. exf5 Rxf5 19. f4 Nd7 20. Ne4 Rf8 21. Bd4 c5
22. Bxg7 Kxg7 23. Rd3 Qe7 24. Re3 Rae8 25. Rff3 Qf7 26. b3 Re6 27. Ng5 Rxe3 28.
Rxe3 hxg5 29. Re7 gxf4 30. Rxf7+ Rxf7 31. Qb2+ Kh7 32. Qa3 Nb8 33. Qa4 Re7 34.
Kf2 g5 35. h3 Kg6 36. a3 Kf5 37. b4 cxb4 38. axb4 Re5 39. Kf3 Kf6 40. Kg4 Re3
41. Qa1+ Re5 42. h4 gxh4 43. Kxh4 Nc6 44. Qxa6 Nxb4 45. Qb7 c5 46. Qb8 Re6 47.
Kg4 Ke5 48. Qh8+ Ke4 49. Qh7+ Ke3 50. Qh3+ Kd4 51. Kxf4 Nd3+ 52. Kf5 Re5+ 53.
Kf6 Kxc4 54. g4 Re4 55. g5 Nf4 56. Qf1+ Kd5 57. Qf3 Kd4 58. g6 Nxg6 59. Kxg6 c4
60. Kf5 d5 61. Qf2+ Kc3 62. Qc5 Rd4 63. Ke5 Rd3 64. Qa3+ Kc2 65. Qa2+ Kc3 66.
Qa3+ Kc2 67. Qa2+ Kc1 68. Qa1+ Kc2 69. Qa2+ 1/2-1/2

[Event "18. Obert Int. Sant Marti 2016"]
[Site "Barcelona ESP"]
[Date "2016.07.18"]
[Round "6.25"]
[White "Ibanez Aullana, Ramon"]
[Black "Harikrishnan.A.Ra"]
[Result "1/2-1/2"]
[WhiteElo "2258"]
[BlackElo "2138"]
[PlyCount "140"]
[EventDate "2016.07.13"]
[EventType "swiss"]
[EventRounds "9"]
[EventCountry "ESP"]
[SourceTitle "Ajedrez en Madrid"]
[Source "lmi"]
[SourceDate "2016.07.13"]
[SourceVersion "1"]
[SourceVersionDate "2019.06.21"]
[SourceQuality "1"]

1. e4 e6 2. d4 d5 3. Nc3 Bb4 4. e5 b6 5. Qg4 Bf8 6. Nf3 Ba6 7. Nb5 Ne7 8. a4
Nf5 9. Bg5 Qd7 10. Be2 c6 11. Nc3 Be7 12. h4 h5 13. Qh3 Bb4 14. Bxa6 Nxa6 15.
O-O Bxc3 16. bxc3 c5 17. Rfd1 Qc6 18. c4 dxc4 19. d5 Qd7 20. g4 hxg4 21. Qxg4
exd5 22. e6 fxe6 23. Ne5 Qc7 24. Ng6 Kd7 25. Rxd5+ exd5 26. Qxf5+ Kc6 27. Ne7+
Kb7 28. Qxd5+ Kb8 29. Ng6 Nb4 30. Qe4 Qc6 31. Qxc6 Nxc6 32. Nxh8 Nd4 33. Nf7
Nxc2 34. Rc1 Nd4 35. Rxc4 Kc7 36. Be3 Nf5 37. Bxc5 Kd7 38. Ba3 Ke6 39. Rf4 g6
40. Ng5+ Ke5 41. Re4+ Kd5 42. Rg4 Rc8 43. Nh7 Rc3 44. Bb2 Rc2 45. Bf6 Rc7 46.
Ng5 Rc6 47. Ne4 a6 48. Nc3+ Ke6 49. Bh8 Kf7 50. Ne4 Rc1+ 51. Kg2 Rc2 52. Kf3 b5
53. Kf4 bxa4 54. h5 gxh5 55. Rg5 Ne7 56. Rxh5 a3 57. Rh7+ Kg8 58. Rh6 Nc6 59.
Bc3 Ne7 60. Bb4 Kg7 61. Rxa6 Nd5+ 62. Kf5 Nxb4 63. Ra7+ Kh6 64. Rxa3 Rc7 65.
Rg3 Nd5 66. Ke5 Ne7 67. Rh3+ Kg6 68. f4 Nf5 69. Ng5 Rc5+ 70. Ke6 Nd4+ 1/2-1/2

[Event "18. Obert Int. Sant Marti 2016"]
[Site "Barcelona ESP"]
[Date "2016.07.18"]
[Round "6.26"]
[White "Coll Ortega, Jordi"]
[Black "Jove Grau, Lluis"]
[Result "1-0"]
[WhiteElo "2243"]
[BlackElo "2077"]
[PlyCount "101"]
[EventDate "2016.07.13"]
[EventType "swiss"]
[EventRounds "9"]
[EventCountry "ESP"]
[SourceTitle "Ajedrez en Madrid"]
[Source "lmi"]
[SourceDate "2016.07.13"]
[SourceVersion "1"]
[SourceVersionDate "2019.06.21"]
[SourceQuality "1"]

1. e4 e6 2. d4 d5 3. Nd2 c5 4. exd5 Qxd5 5. Ngf3 cxd4 6. Bc4 Qc5 7. O-O Nc6 8.
Qe2 Nf6 9. Nb3 Qb6 10. Rd1 Bc5 11. a4 Be7 12. Nfxd4 Nxd4 13. Rxd4 Bd7 14. Be3
Qc7 15. Bf4 Qc8 16. Bb5 Bc6 17. Na5 O-O 18. Nxc6 bxc6 19. Ba6 Qe8 20. Bb7 Rd8
21. Rxd8 Qxd8 22. Bxc6 Qb6 23. Bb5 Nd5 24. Be5 Bd6 25. Rd1 Bxe5 26. Qxe5 g6 27.
g3 Qb7 28. b3 Rc8 29. Bc4 Nb4 30. Rd2 Nc6 31. Qe4 Qc7 32. Ba6 Rd8 33. Rxd8+
Nxd8 34. b4 e5 35. Bc4 Nc6 36. c3 Kg7 37. Kg2 Ne7 38. a5 Nf5 39. Qd5 e4 40.
Qxe4 f6 41. Qe6 Nd6 42. Bd5 Nb5 43. Qg8+ Kh6 44. c4 Nc3 45. h4 Qd6 46. b5 Qc5
47. Qe6 Qd4 48. Qe3+ Qxe3 49. fxe3 Na4 50. Bc6 Nc5 51. b6 1-0

[Event "18. Obert Int. Sant Marti 2016"]
[Site "Barcelona ESP"]
[Date "2016.07.18"]
[Round "6.27"]
[White "Jimenez Ruano, Adrian"]
[Black "Qiu, Mengjie"]
[Result "0-1"]
[WhiteElo "2089"]
[BlackElo "2231"]
[PlyCount "62"]
[EventDate "2016.07.13"]
[EventType "swiss"]
[EventRounds "9"]
[EventCountry "ESP"]
[SourceTitle "Ajedrez en Madrid"]
[Source "lmi"]
[SourceDate "2016.07.13"]
[SourceVersion "1"]
[SourceVersionDate "2019.06.21"]
[SourceQuality "1"]

1. d4 Nf6 2. c4 e6 3. Nc3 Bb4 4. e3 O-O 5. Bd3 d5 6. cxd5 exd5 7. Nge2 Bd6 8.
Bd2 Re8 9. Rc1 a6 10. O-O Nbd7 11. Ng3 b6 12. f3 Bb7 13. Nf5 Bf8 14. e4 dxe4
15. fxe4 Nc5 16. e5 Nxd3 17. exf6 g6 18. Qg4 Nxc1 19. Qg5 Ne2+ 20. Kh1 Qd7 21.
Qg4 Kh8 22. Nxe2 gxf5 23. Qh5 Qc6 24. Nf4 Qxf6 25. Bc3 Bg7 26. d5 Qe7 27. Bxg7+
Kxg7 28. Qxf5 Kh8 29. Nh5 Qe5 30. Qh3 Bxd5 31. Rg1 Rg8 0-1

[Event "18. Obert Int. Sant Marti 2016"]
[Site "Barcelona ESP"]
[Date "2016.07.18"]
[Round "6.28"]
[White "Mendonca, Leon Luke"]
[Black "Patil, Pratik"]
[Result "1/2-1/2"]
[WhiteElo "1964"]
[BlackElo "2219"]
[PlyCount "60"]
[EventDate "2016.07.13"]
[EventType "swiss"]
[EventRounds "9"]
[EventCountry "ESP"]
[SourceTitle "Ajedrez en Madrid"]
[Source "lmi"]
[SourceDate "2016.07.13"]
[SourceVersion "1"]
[SourceVersionDate "2019.06.21"]
[SourceQuality "1"]

1. d4 Nf6 2. Bg5 d5 3. Bxf6 exf6 4. e3 Bd6 5. Be2 O-O 6. Nf3 f5 7. O-O f4 8.
exf4 Bxf4 9. Nc3 c6 10. h3 Be6 11. Bd3 Nd7 12. Ne2 Bd6 13. Qd2 Qf6 14. Qg5 Rfe8
15. Rfe1 h6 16. Qxf6 Nxf6 17. Nc1 Nh5 18. Bf1 Nf4 19. Nd3 Bf5 20. Nxf4 Bxf4 21.
g3 Bd6 22. c3 Kf8 23. Nd2 f6 24. Bg2 g5 25. Nb3 Rxe1+ 26. Rxe1 Re8 27. Rxe8+
Kxe8 28. Na5 Bc8 29. Bf1 Kd8 30. Kg2 Bc7 1/2-1/2

[Event "18. Obert Int. Sant Marti 2016"]
[Site "Barcelona ESP"]
[Date "2016.07.18"]
[Round "6.29"]
[White "Brzezinski, Adam"]
[Black "Adeimi, Michel"]
[Result "1/2-1/2"]
[WhiteElo "2208"]
[BlackElo "1963"]
[PlyCount "146"]
[EventDate "2016.07.13"]
[EventType "swiss"]
[EventRounds "9"]
[EventCountry "ESP"]
[SourceTitle "Ajedrez en Madrid"]
[Source "lmi"]
[SourceDate "2016.07.13"]
[SourceVersion "1"]
[SourceVersionDate "2019.06.21"]
[SourceQuality "1"]

1. d4 d5 2. c4 e6 3. Nc3 c6 4. e3 f5 5. Bd3 Nf6 6. Nge2 Bd6 7. Qc2 Ne4 8. g3
Nd7 9. f3 Ng5 10. Rf1 dxc4 11. Bxc4 Nb6 12. Bd3 Nd5 13. a3 g6 14. e4 Nxc3 15.
Qxc3 O-O 16. exf5 exf5 17. Bc4+ Nf7 18. Kf2 Qf6 19. Re1 Re8 20. Bd2 Be6 21. d5
Qxc3 22. Nxc3 cxd5 23. Nxd5 Kf8 24. Rxe6 Rxe6 25. Nc7 Bxc7 26. Bxe6 Be5 27. Be3
Rd8 28. Rc1 Ke7 29. Bb3 b6 30. Rc2 Rd7 31. Ba4 Rc7 32. Rxc7+ Bxc7 33. Bb5 Ne5
34. Bd2 Bd6 35. h3 Bc5+ 36. Ke2 Ke6 37. f4 Nd7 38. Bc4+ Ke7 39. Kf3 Nf6 40. Bd3
h5 41. Bc3 Ke6 42. Bc4+ Ke7 43. b4 Bd6 44. Be1 Ne4 45. g4 hxg4+ 46. hxg4 a5 47.
gxf5 gxf5 48. Bd3 axb4 49. axb4 Nf6 50. b5 Nd5 51. Bd2 Ke6 52. Bc4 Bc5 53. Bc3
Bd6 54. Bd2 Bc5 55. Kg3 Kd6 56. Bd3 Ne7 57. Kh4 Kd5 58. Kg5 Kd4 59. Bf1 Ke4 60.
Bc3 Kf3 61. Bc4 Be3 62. Be5 Ke4 63. Bf1 Kf3 64. Bc4 Ke4 65. Be6 Bd2 66. Bc7 Be3
67. Bd7 Nd5 68. Bc6 Kd4 69. Be5+ Kc5 70. Kxf5 Bxf4 71. Bxf4 Ne7+ 72. Ke6 Nxc6
73. bxc6 Kxc6 1/2-1/2

[Event "18. Obert Int. Sant Marti 2016"]
[Site "Barcelona ESP"]
[Date "2016.07.18"]
[Round "6.30"]
[White "Prince, Bajaj"]
[Black "Gaikwad, Siddhant"]
[Result "1-0"]
[WhiteElo "2279"]
[BlackElo "2003"]
[PlyCount "83"]
[EventDate "2016.07.13"]
[EventType "swiss"]
[EventRounds "9"]
[EventCountry "ESP"]
[SourceTitle "Ajedrez en Madrid"]
[Source "lmi"]
[SourceDate "2016.07.13"]
[SourceVersion "1"]
[SourceVersionDate "2019.06.21"]
[SourceQuality "1"]

1. e4 c5 2. Nf3 d6 3. Bb5+ Bd7 4. Bxd7+ Qxd7 5. c4 Nc6 6. d4 cxd4 7. Nxd4 Nf6
8. Nc3 g6 9. f3 Bg7 10. Be3 O-O 11. O-O Rac8 12. Nde2 Ne8 13. Qd2 Nc7 14. Rad1
Ne5 15. b3 a6 16. h3 b5 17. c5 b4 18. Na4 Nc4 19. Qd3 Nxe3 20. Qxe3 Qc6 21.
cxd6 exd6 22. Rc1 Qb7 23. Qb6 Rb8 24. Qxc7 Qb5 25. Qc4 Qh5 26. Nf4 Qh4 27. Nd5
Rbe8 28. Nab6 Re6 29. e5 Qg3 30. Qf4 Bxe5 31. Qxg3 Bxg3 32. Nd7 Rd8 33. N7f6+
Kg7 34. Ne4 Be5 35. Rfd1 h6 36. Nxb4 Bf4 37. Rc2 f5 38. Nd5 Be5 39. f4 Bxf4 40.
Rc7+ Kg8 41. Nef6+ Kf8 42. Nh7+ 1-0

[Event "18. Obert Int. Sant Marti 2016"]
[Site "Barcelona ESP"]
[Date "2016.07.18"]
[Round "6.31"]
[White "Salagran Ferragut, Guillem"]
[Black "Narciso Dublan, Marc"]
[Result "0-1"]
[WhiteElo "2196"]
[BlackElo "2504"]
[PlyCount "118"]
[EventDate "2016.07.13"]
[EventType "swiss"]
[EventRounds "9"]
[EventCountry "ESP"]
[SourceTitle "Ajedrez en Madrid"]
[Source "lmi"]
[SourceDate "2016.07.13"]
[SourceVersion "1"]
[SourceVersionDate "2019.06.21"]
[SourceQuality "1"]

1. e4 e6 2. d4 d5 3. Nd2 Nf6 4. e5 Nfd7 5. c3 c5 6. Bd3 Nc6 7. Ngf3 g6 8. dxc5
Bg7 9. Nb3 Ndxe5 10. Nfd4 Nxd3+ 11. Qxd3 O-O 12. Be3 Ne5 13. Qe2 Nc4 14. O-O e5
15. Nf3 Bg4 16. h3 Bxf3 17. Qxf3 Nxb2 18. Qe2 Nc4 19. Rfd1 Rc8 20. h4 Rc7 21.
Bg5 f6 22. Bc1 Rd7 23. Rb1 Qe7 24. h5 g5 25. Qg4 Qf7 26. a4 h6 27. Qf5 Rfd8 28.
g4 d4 29. cxd4 exd4 30. Bb2 Rd5 31. Rxd4 Rxf5 32. Rxd8+ Kh7 33. gxf5 Qe7 34.
Rdd1 Qe2 35. Ba1 Qg4+ 36. Kf1 Na3 37. Rbc1 Qh3+ 38. Kg1 Qxb3 39. Rd7 Kg8 40.
Rd8+ Bf8 41. Bxf6 Kf7 42. Rcd1 Kxf6 43. Rxf8+ Ke5 44. Re1+ Kf4 45. f6 Nc2 46.
Rd1 Qf3 47. Rfd8 Qg4+ 48. Kf1 Qh3+ 49. Kg1 Qg4+ 50. Kf1 Qxh5 51. R8d7 Qh1+ 52.
Ke2 Qf3+ 53. Kd2 Qxf2+ 54. Kc1 Na3 55. R1d2 Qg1+ 56. Rd1 Qxc5+ 57. Kb2 Nc4+ 58.
Kb3 Na5+ 59. Ka2 Qc2+ 0-1

[Event "18. Obert Int. Sant Marti 2016"]
[Site "Barcelona ESP"]
[Date "2016.07.18"]
[Round "6.33"]
[White "Dahale, Atul"]
[Black "Garcia Trobat, Francisco"]
[Result "1-0"]
[WhiteElo "2079"]
[BlackElo "2269"]
[PlyCount "87"]
[EventDate "2016.07.13"]
[EventType "swiss"]
[EventRounds "9"]
[EventCountry "ESP"]
[SourceTitle "Ajedrez en Madrid"]
[Source "lmi"]
[SourceDate "2016.07.13"]
[SourceVersion "1"]
[SourceVersionDate "2019.06.21"]
[SourceQuality "1"]

1. d4 d6 2. Nf3 Nd7 3. e4 e5 4. Nc3 Be7 5. Bc4 Ngf6 6. O-O O-O 7. a4 c6 8. h3
Nxe4 9. Nxe4 d5 10. Nxe5 Nxe5 11. dxe5 dxc4 12. Qe2 Qd4 13. Nc3 Bf5 14. Rd1 Qc5
15. Bf4 Rad8 16. Ne4 Bxe4 17. Qxe4 Rd5 18. Be3 Rxe5 19. Bxc5 Rxe4 20. Bxa7 Bf6
21. c3 Re2 22. Bd4 Rxb2 23. Bxf6 gxf6 24. Rd4 b5 25. a5 Ra8 26. a6 Rc2 27. a7
Rxc3 28. Rd7 Rd3 29. Rb7 Rdd8 30. Rc7 Rd6 31. Rb7 Kg7 32. Rb8 Rxa7 33. Rxa7
Rd1+ 34. Kh2 c3 35. Ra2 Rb1 36. Rc2 Rb3 37. Kg3 b4 38. Kf3 c5 39. Rd8 Ra3 40.
Rd1 c4 41. Ke3 Ra8 42. Rb1 Rb8 43. Kd4 Rd8+ 44. Kxc4 1-0

[Event "18. Obert Int. Sant Marti 2016"]
[Site "Barcelona ESP"]
[Date "2016.07.18"]
[Round "6.34"]
[White "Ramirez Garcia, Jorge Alberto"]
[Black "Rueda Marquez, David J."]
[Result "1/2-1/2"]
[WhiteElo "2264"]
[BlackElo "2066"]
[PlyCount "72"]
[EventDate "2016.07.13"]
[EventType "swiss"]
[EventRounds "9"]
[EventCountry "ESP"]
[SourceTitle "Ajedrez en Madrid"]
[Source "lmi"]
[SourceDate "2016.07.13"]
[SourceVersion "1"]
[SourceVersionDate "2019.06.21"]
[SourceQuality "1"]

1. e3 Nf6 2. Nf3 g6 3. d4 Bg7 4. b4 d5 5. c4 c6 6. Nc3 Nbd7 7. Bb2 O-O 8. Be2
dxc4 9. O-O Nd5 10. Bxc4 N7b6 11. Bxd5 cxd5 12. Na4 Nc4 13. Nd2 Bf5 14. Nxc4
dxc4 15. Re1 e5 16. e4 exd4 17. exf5 c3 18. fxg6 hxg6 19. Bxc3 dxc3 20. Rc1 Rc8
21. Qb3 Re8 22. Red1 Qe7 23. g3 c2 24. Rxc2 Rxc2 25. Qxc2 Qxb4 26. Qb3 Re1+ 27.
Rxe1 Qxe1+ 28. Kg2 Qe4+ 29. Kh3 b6 30. Nb2 g5 31. f3 g4+ 32. fxg4 Qh7+ 33. Kg2
Qe4+ 34. Kh3 Qh7+ 35. Kg2 Qe4+ 36. Kh3 Qh7+ 1/2-1/2

[Event "18. Obert Int. Sant Marti 2016"]
[Site "Barcelona ESP"]
[Date "2016.07.18"]
[Round "6.35"]
[White "Bielecki, Pawel"]
[Black "Gomez Jurado, Luis Alberto"]
[Result "0-1"]
[WhiteElo "2023"]
[BlackElo "2244"]
[PlyCount "106"]
[EventDate "2016.07.13"]
[EventType "swiss"]
[EventRounds "9"]
[EventCountry "ESP"]
[SourceTitle "Ajedrez en Madrid"]
[Source "lmi"]
[SourceDate "2016.07.13"]
[SourceVersion "1"]
[SourceVersionDate "2019.06.21"]
[SourceQuality "1"]

1. e4 c6 2. d4 d5 3. Nc3 dxe4 4. Nxe4 Bf5 5. Ng3 Bg6 6. Nh3 Nf6 7. Nf4 e5 8.
Nxg6 hxg6 9. dxe5 Qa5+ 10. c3 Qxe5+ 11. Qe2 Nbd7 12. Bf4 Qxe2+ 13. Bxe2 Nd5 14.
Bg5 f6 15. Bd2 Rh4 16. O-O O-O-O 17. Rad1 Bd6 18. h3 Nf4 19. Bxf4 Bxf4 20. Rd3
Rhh8 21. Rfd1 Nc5 22. Rxd8+ Rxd8 23. Rxd8+ Kxd8 24. Bd1 Bxg3 25. fxg3 Nd3 26.
b3 g5 27. Bc2 Nc1 28. Kf2 Nxa2 29. c4 Ke7 30. Ke3 Nb4 31. Bd1 Kd6 32. Ke4 g6
33. g4 Na2 34. Bc2 Nb4 35. Bd1 c5 36. g3 Ke6 37. h4 f5+ 38. gxf5+ gxf5+ 39. Ke3
gxh4 40. gxh4 Ke5 41. h5 Nc6 42. h6 Kf6 43. Bh5 Nd4 44. b4 Nc2+ 45. Kf4 cxb4
46. h7 Kg7 47. Bg6 b3 48. Bxf5 a5 49. c5 a4 50. Be6 b2 51. Ba2 Nb4 52. Bb1 a3
53. Ke3 a2 0-1

[Event "18. Obert Int. Sant Marti 2016"]
[Site "Barcelona ESP"]
[Date "2016.07.18"]
[Round "6.36"]
[White "Guix Torres, David"]
[Black "Martinez Lopez, Ivan"]
[Result "0-1"]
[WhiteElo "2052"]
[BlackElo "2242"]
[PlyCount "88"]
[EventDate "2016.07.13"]
[EventType "swiss"]
[EventRounds "9"]
[EventCountry "ESP"]
[SourceTitle "Ajedrez en Madrid"]
[Source "lmi"]
[SourceDate "2016.07.13"]
[SourceVersion "1"]
[SourceVersionDate "2019.06.21"]
[SourceQuality "1"]

1. e4 d5 2. exd5 Qxd5 3. Nc3 Qd6 4. d4 c6 5. Nf3 Nf6 6. Bc4 Bg4 7. Be3 Nbd7 8.
h3 Bh5 9. Qe2 e6 10. O-O-O Be7 11. g3 Nb6 12. g4 Nxc4 13. Qxc4 Bg6 14. Ne5 Nd5
15. Nxd5 Qxd5 16. Qxd5 cxd5 17. h4 f6 18. h5 Bxc2 19. Kxc2 fxe5 20. dxe5 Rc8+
21. Kb3 Rc4 22. Rd4 Rc6 23. Rd3 Kd7 24. Rc1 Rxc1 25. Bxc1 Rf8 26. f4 Bc5 27.
Kc2 Kc6 28. Kd1 d4 29. Ke2 Kd5 30. Kf3 g5 31. Rd1 Bb6 32. Bd2 Bc7 33. Be3 Bxe5
34. f5 exf5 35. Bxg5 Rg8 36. Bf4 fxg4+ 37. Kg3 Bxf4+ 38. Kxf4 g3 39. Rg1 g2 40.
Kf3 Kc4 41. Ke2 Rg5 42. Rc1+ Kd5 43. Rg1 Ke4 44. Kf2 Kd3 0-1

[Event "18. Obert Int. Sant Marti 2016"]
[Site "Barcelona ESP"]
[Date "2016.07.18"]
[Round "6.38"]
[White "Larsson, Anders"]
[Black "Kunal, Kakumanu"]
[Result "1/2-1/2"]
[WhiteElo "2226"]
[BlackElo "1903"]
[PlyCount "67"]
[EventDate "2016.07.13"]
[EventType "swiss"]
[EventRounds "9"]
[EventCountry "ESP"]
[SourceTitle "Ajedrez en Madrid"]
[Source "lmi"]
[SourceDate "2016.07.13"]
[SourceVersion "1"]
[SourceVersionDate "2019.06.21"]
[SourceQuality "1"]

1. d4 d5 2. Nf3 Nf6 3. Bf4 e6 4. e3 c5 5. c3 Nc6 6. Nbd2 Nh5 7. Bg5 Be7 8. Bxe7
Qxe7 9. Bb5 Nf6 10. Ne5 Bd7 11. Bd3 O-O 12. f4 Be8 13. O-O Nd7 14. Ndf3 Ncxe5
15. Nxe5 f6 16. Nxd7 Bxd7 17. Qh5 f5 18. Qe2 Rab8 19. Qd2 Rbc8 20. b4 cxb4 21.
cxb4 Rc7 22. Rfc1 Rfc8 23. Rxc7 Rxc7 24. a3 Qd8 25. Rc1 Qc8 26. Rxc7 Qxc7 27.
Qc2 Qxc2 28. Bxc2 Bb5 29. Kf2 Bc4 30. Kf3 b5 31. g4 g6 32. Kg3 Kg7 33. h3 Kf6
34. g5+ 1/2-1/2

[Event "18. Obert Int. Sant Marti 2016"]
[Site "Barcelona ESP"]
[Date "2016.07.18"]
[Round "6.39"]
[White "Martorell Aguado, Joan"]
[Black "Dardha, Daniel"]
[Result "1-0"]
[WhiteElo "2219"]
[BlackElo "2035"]
[PlyCount "65"]
[EventDate "2016.07.13"]
[EventType "swiss"]
[EventRounds "9"]
[EventCountry "ESP"]
[SourceTitle "Ajedrez en Madrid"]
[Source "lmi"]
[SourceDate "2016.07.13"]
[SourceVersion "1"]
[SourceVersionDate "2019.06.21"]
[SourceQuality "1"]

1. d4 Nf6 2. Nf3 e6 3. Bg5 c5 4. e3 h6 5. Bh4 Be7 6. Nbd2 b6 7. Bd3 Bb7 8. O-O
O-O 9. c3 d6 10. Qe2 a6 11. a4 Nc6 12. Rab1 cxd4 13. exd4 d5 14. Ne5 Nxe5 15.
dxe5 Nd7 16. Bg3 Nc5 17. Bc2 Qd7 18. Rfd1 f5 19. exf6 Bxf6 20. Nc4 Qf7 21. Nd6
Qe7 22. b4 Ne4 23. Nxe4 dxe4 24. Bd6 Qf7 25. Bxf8 Rxf8 26. Bxe4 Bxe4 27. Qxe4
Bxc3 28. Qe3 Qf6 29. Qxb6 Be5 30. Qe3 Bb8 31. g3 Qf7 32. b5 axb5 33. axb5 1-0